000 00316nam a2200145Ia 4500
100 _aMortier/ Shamma.R
942 _cBK
366 _f15
654 _aPage Maker 6.5 Complete
245 _aPage Maker 6.5 Complete
260 _bTech Media
_aNew Delhi
_c1997
082 _a5.1
300 _a905
546 _aENGLISH
999 _c24097
_d24097